MDQL
is popping MORE tags! Check the
thread
!
Quizzes
Events
Quiz Creation
Community
Videos
Private Events
Remove Ads
Sign In
Join for FREE
Feedback
Dark Mode
Quiz Categories
Sports
Geography
Music
Movies
Television
Just For Fun
Miscellaneous
History
Literature
Language
Science
Gaming
Entertainment
Religion
Holiday
For Kids
Quiz Lab
Recent
Popular Today
Quiz Kudos Today
Editor Picks
Curator Picks
Quizzes by...
Day
Popularity
Type
Ratings
Length
Year
Community
Subscriptions
Recent Discussions
Orange Saloon
Badges
Playlists
Quests
Create
Leaderboards
Showdown
Live 5
Trivia Bingo
Activity
Puzzle Library
Sporcle Events
Private Events
Virtual Trivia
Globe League
Become a Host
Pub Owners
SporcleCon
Opinionation
Our Games
Videos
Blog
Mobile Apps
Partnerships
Remove Ads and Go Orange
Feedback
Music
Pop Music
The Beatles
Song
Album
Lyrics
Bands
Singers
Artist
Clip
Rock
Rap
Classical
Billboard
Country Music
Kpop
Taylor Swift
Music
Pop Music
The Beatles
Song
Album
Lyrics
Bands
Singers
Artist
Clip
Rock
Rap
Classical
Billboard
Country Music
Kpop
Taylor Swift
Random Quiz
Search Sporcle
×
Quiz Lab
Quiz Lab
Music
Song
Type in answers that appear in a list
Type in answers that appear in a list
Classic
Best Score? Go Orange.
Hank Green songs Stats
Can you name the Hank Green songs?
By
HPGirl
10m
89 Questions
91 Plays
91 Plays
91 Plays
Comments
Comments
Give Quiz Kudos
Give Quiz Kudos
-
- Ratings
hide this ad
More Info
Replay
Link that replays current quiz
Next Quiz
Link to next quiz in quiz playlist
You Got
0%
They Got
Avg Score
23%
Avg Friend Score
Upgrade to see
Score Distribution
Jump to the score distribution portion of the page
Score
0/89
Timer
10:00
0
Plays Today
Song Title
% Correct
DFTBA
76.9%
D.F.T.B.A.
76.9%
Accio Deathly Hallows
73.6%
Accio Deathly Hallows
72.5%
Strange Charm
64.8%
Book Eight
51.6%
A Song About an Anglerfish
51.6%
Book 8
51.6%
Helen Hunt
48.4%
This Isn't Hogwarts
48.4%
Helen Hunt
48.4%
I Know
41.8%
I Know
41.8%
Phineas Gage
38.5%
I'm Not Edward Cullen
36.3%
I'm Not Edward Cullen
36.3%
It's Too Hot
33%
Dead Boy's Girlfriend
33%
It's Too Hot
33%
Dead Boy's Girlfriend
33%
Mules Are So Half Ass
31.9%
Nerdfighteria Island
31.9%
Nerdfighterlike
30.8%
Protons and Neutrons
30.8%
Nerdfighterlike
30.8%
I'm Gonna Kill You
28.6%
Looking for Alaska
28.6%
What Would Captain Picard Do?
28.6%
This Is Not Harry Potter
28.6%
Fermi Paradox
28.6%
Song Title
% Correct
What Would Captain Picard Do
28.6%
I'm Gonna Kill You
28.6%
Ulcerative Colitis
27.5%
Ulcerative Colitis
27.5%
The Vegetables
25.3%
Scuzzy Kizoozle Curl
24.2%
I Guess It All Makes Sense At the End
23.1%
Butte Montana
22%
Shake-A-Booty
22%
Jesus Gets Nothing for Christmas
19.8%
Adult Female
19.8%
Amber Lamps
19.8%
The Man Who Throws the Tetris Piece
19.8%
Helena Montana
18.7%
Farmville
18.7%
The List
18.7%
The Anglerfish Song
18.7%
People Who Love Giraffes
17.6%
Demolition Derby
17.6%
Queen Ranavalona I
16.5%
My Phone
16.5%
Baby, I Sold Your Dog On Ebay
16.5%
Queen Ranavalona I
16.5%
W.W.C.P.D
16.5%
Good Morning Nerdfighters
15.4%
Edward Spoonhands
15.4%
The Fathers of the Founding Fathers
15.4%
Crime Dramas Suck
15.4%
Luck of My Life
14.3%
Bad Day on Chat Roulette
14.3%
Song Title
% Correct
Willy's Song
13.2%
Obama Llama Song
12.1%
Makin' Babies
12.1%
The Worst News of 2009
11%
Brigid and Samantha
11%
Fake Welcome
9.9%
Fake Encore 1
9.9%
Both Parts!
8.8%
Let's Have a Chat
7.7%
Oh... Hi!
7.7%
Brother from a Mother of a Last Name of Another Color
7.7%
John Loses
7.7%
Requests?
7.7%
Squirrel Death!
7.7%
Practice
7.7%
Poo
7.7%
W.T.F. Boston
7.7%
Fake Encore 2
7.7%
Lower
6.6%
Crusty Face
6.6%
Blink 182
6.6%
10 Words?
6.6%
Anti- Secret
6.6%
Free Parking
6.6%
R.I.P.
6.6%
Wanna Hang Out?
6.6%
Scuzzy Kizzoozle Curl
5.5%
Bedoodoo
5.5%
Weird Song
5.5%
Quiz Playlist
Details
Report
Send in Message
Add To Playlist
More Info:
These are the songs off of Hank Green's albums.
Classic:
Type in answers that appear in a list
Last Updated: Feb 16, 2017
Quiz Scoreboard
CHALLENGE
Sign Up to Join the Scoreboard
Show All
Scores
Hide
Comments
May contain spoilers
Recently Published
Holiday 10x10 Sorting Gallery
by lukepisani3
Holiday
15m
Two Season TV Shows II
by 123Four
Television
10m
Image Sorting: Flags VI
by Barbecue
Geography
2m
More to Explore
Quiz From the Vault
Featured Blog Post
14 Easter Pick-up Lines to Find Eggs With
hide this ad
You Might Also Like...
Tags
Song Quiz
green
hank
Today's Top Quizzes in Music
Browse Music
hide this ad
Today's Top Quizzes in Song
Browse Song
Top Contributed Quizzes in Music
1
5X2 Blitz: Bands II
2
Taylor Swift All Songs (2024)
3
5X2 Blitz: The Beatles
4
5X2 Blitz: Billboard
5
Music Artist by Three 2010s hits
6
5X2 Blitz: Billboard II
7
5X2 Blitz: Album
8
5X2 Blitz: Rock
9
5X2 Blitz: Singers
10
5X2 Blitz: Lyrics
Explore More
Trending Topics
Harry Potter
NBA
Marvel
Anime
Kpop
Disney
Crossword
Puzzle
NFL
WWE
The Office
Soccer
Country
Pokémon
Song
hide this ad
More By:
HPGirl
Quiz
Plays
Rating
Category
Featured
Created
Fill in the Rhyme: Taylor Swift
116,029
4.65
Music
Mar 6, 2019
Cuisine Sorting Blitz
115,634
4.21
Miscellaneous
May 9, 2016
Male or Female?
86,520
4.58
Science
Dec 30, 2014
Sunday Crossword: ...Oh My!
79,871
4.67
Miscellaneous
Sep 3, 2019
Harry Potter Character by First Description
64,647
4.70
Literature
Apr 10, 2013
Go to Creator's Profile
Score Distribution
Quiz Creator Spotlight
HPGirl
Follow
Send a Message
Quizzes Created
-
Created Quiz Play Count
-
More By This Creator
Popular Quizzes Today
1
Find the US States - No Outlines Minefield
2
Colored Red Africa Blitz
3
Find the 'City' Movie
4
The Countries of the World
5
5x2 Blitz: Bands
6
Find the Countries of Europe - No Outlines Minefield
7
Find the US States
8
US States
More Music Quizzes
Word Ladder: Operetters
Curator's Pick
Trending Quizzes
Colored Red Europe Blitz I
Colored Red Europe Blitz II
Colored Red Africa Blitz II
Even More Two Season TV Shows
Colored Red Africa Blitz III
Recently Updated
Odd Team Out - Big 4 Players
pecheneg
Quick Pick: 20 Twenties
pecheneg
March Madness Men's Triple Doubles
pecheneg
How Do You Spell That?
pecheneg
Godzilla Movies
pecheneg
Grab Bag: 4-10 Letters
pecheneg
2024 March Madness Bracket
pecheneg
Famous TV Couples
Peacemaker
Champions League XIs: Real Madrid
pecheneg
Largest US Cities 1790-2010
pecheneg
Trending Topics
Crossword
Marvel
NBA
Disney
Kpop
Harry Potter
Anime
Pokémon
Puzzle
Song
Country
Soccer
NFL
WWE
The Office
Your Account Isn't Verified!
In order to create a playlist on Sporcle, you need to verify the email address you used during registration. Go to your
Sporcle Settings
to finish the process.
Report this User
Report this user for behavior that violates our
Community Guidelines
.
Details:
Send Report
Go to the Sporcle.com Mobile Site →
Comments